Известия Собрания инженеров путей сообщения. Г.9 1892, Т.12, №7 (Запись № 4503595)

Подробности
000 -МАРКЕР
контрольное поле 02393nam2a22002651 4500
001 - ИДЕНТИФИКАТОР ЗАПИСИ
контрольное поле RU\NLR\INFOCOMM7\1000093406
005 - ИДЕНТИФИКАТОР ВЕРСИИ
контрольное поле 20250617013518.0
035 ## - ДРУГИЕ СИСТЕМНЫЕ НОМЕРА
Идентификатор записи (NLR Aleph) 002348030
100 ## - ДАННЫЕ ОБЩЕЙ ОБРАБОТКИ
Данные общей обработки 20041115d1892 |||y0rusy50 ca
101 0# - ЯЗЫК РЕСУРСА
Язык текста, звукозаписи и т.д. русский
102 ## - СТРАНА ПУБЛИКАЦИИ ИЛИ ПРОИЗВОДСТВА
Страна публикации российская федерация
105 ## - ПОЛЕ КОДИРОВАННЫХ ДАННЫХ: ТЕКСТОВЫЕ МАТЕРИАЛЫ, МОНОГРАФИЧЕСКИЕ
Кодированные данные о монографическом текстовом документе y |||||||||
200 0# - ЗАГЛАВИЕ И СВЕДЕНИЯ ОБ ОТВЕТСТВЕННОСТИ
Основное заглавие Г.9 1892, Т.12, №7
210 ## - ПУБЛИКАЦИЯ, РАСПРОСТРАНЕНИЕ И ДР.
Дата издания, распространения и т.д. 1892
Место издания, распространения и т.д. Б. м.
311 ## - ПРИМЕЧАНИЯ, ОТНОСЯЩИЕСЯ К ПОЛЯМ СВЯЗИ (ПРИМЕЧАНИЯ О СВЯЗИ С ДРУГИМИ ПРОИЗВЕДЕНИЯМИ (ИЗДАНИЯМИ))
Текст примечания Взамен вышла кн. Тимонов В.Е. Из гидротехнической практики Первые морские землесосные работы в России, исполненные в Либавском и Виндавском, портах в 1889 и 1890 годах, с приложением сведений о землесосных работах в Дюнкирхене и о теории землесосов
442 #0 - ЗАМЕНЕН НА ...
Встроенное поле 2001#$aИз гидротехнической практики Первые морские землесосные работы в России, исполненные в Либавском и Виндавском, портах в 1889 и 1890 годах, с приложением сведений о землесосных работах в Дюнкирхене и о теории землесосов$fТимонов В.Е.
-- 700#1$aТимонов$bВ.Е.
-- 300##$aВ обл. имеются только объявления
-- 309##$aПрипл. к журн.
Заглавие Из гидротехнической практики Первые морские землесосные работы в России, исполненные в Либавском и Виндавском, портах в 1889 и 1890 годах, с приложением сведений о землесосных работах в Дюнкирхене и о теории землесосов
Автор Тимонов, В.Е.
461 #0 - УРОВЕНЬ НАБОРА
Встроенное поле 001RU\NLR\INFOCOMM7\1000093310
-- 2001#$aИзвестия Собрания инженеров путей сообщения$vГ.9 1892, Т.12, №7
Системный номер (АБИС) связанной записи 4503559
Автор Собрание инженеров путей сообщения (Петербург)
Место публикации СПб.
Дата публикации 1883-1918
Заглавие Известия Собрания инженеров путей сообщения
Номер тома Г.9 1892, Т.12, №7
801 #1 - ИСТОЧНИК ЗАПИСИ
Страна российская федерация
Организация InfoComm
Дата составления 20041115
801 #0 - ИСТОЧНИК ЗАПИСИ
Страна российская федерация
Организация NLR
Правила каталогизации PSBO
852 ## - МЕСТОНАХОЖДЕНИЕ И ШИФР ХРАНЕНИЯ
Идентификатор организации NLR
Шифр хранения (Call Number) 2/745низ.
942 ## - ДОПОЛНИТЕЛЬНЫЕ ЭЛЕМЕНТЫ ЗАПИСИ (АБИС)
Тип экземпляра АБИС Выпуск
980 ## - КОЛЛЕКЦИЯ
Название коллекции Национальная библиография
980 ## - КОЛЛЕКЦИЯ
Название коллекции Русская периодика

Нет доступных экземпляров.